000 00359nam a2200109Ia 4500
008 171204s9999 xx 000 0 und d
245 _aComputer Networking: A Top-Down Approach:
245 _cJames F. Kurose and Keith W. Ross
260 _c2013
650 _xADVANCED OPERATING SYSTEM AND NETWORKING
856 _uhttp://down.ebook777.com/016/9780132856201.pdf
999 _c347093
_d347093